Emergency care and first aid for nurses : (Record no. 10892)
[ view plain ]
| 000 -LEADER | |
|---|---|
| fixed length control field | 01473cam a22003614a 4500 |
| 001 - CONTROL NUMBER | |
| control field | 14664913 |
| 005 - DATE AND TIME OF LATEST TRANSACTION | |
| control field | 20070621171525.0 |
| 008 - FIXED-LENGTH DATA ELEMENTS--GENERAL INFORMATION | |
| fixed length control field | 061211s2006 stka b 001 0 eng |
| 010 ## - LIBRARY OF CONGRESS CONTROL NUMBER | |
| LC control number | 2006048026 |
| 020 ## - INTERNATIONAL STANDARD BOOK NUMBER | |
| International Standard Book Number | 9780443102080 |
| 020 ## - INTERNATIONAL STANDARD BOOK NUMBER | |
| International Standard Book Number | 0443102082 |
| 035 ## - SYSTEM CONTROL NUMBER | |
| System control number | (DNLM)101295888 |
| 040 ## - CATALOGING SOURCE | |
| Original cataloging agency | DNLM/DLC |
| Transcribing agency | DLC |
| Modifying agency | DLC |
| 042 ## - AUTHENTICATION CODE | |
| Authentication code | pcc |
| 050 00 - LIBRARY OF CONGRESS CALL NUMBER | |
| Classification number | RT120.E4 |
| Item number | J48 2007 |
| 060 10 - NATIONAL LIBRARY OF MEDICINE CALL NUMBER | |
| Classification number | WY 154 |
| Item number | J58e 2006 |
| 082 00 - DEWEY DECIMAL CLASSIFICATION NUMBER | |
| Classification number | 610.736 |
| Edition number | 22 |
| Item number | JEV NR |
| 100 1# - MAIN ENTRY--PERSONAL NAME | |
| Personal name | Jevon, Philip. |
| 9 (RLIN) | 20458 |
| 245 10 - TITLE STATEMENT | |
| Title | Emergency care and first aid for nurses : |
| Statement of responsibility, etc | Philip Jevon ; consultant editors, David F. Bowden, David Halliwell, Robin M. McMahon. |
| Remainder of title | A practical guide / |
| 260 ## - PUBLICATION, DISTRIBUTION, ETC. (IMPRINT) | |
| Place of publication, distribution, etc | Edinburgh : |
| Name of publisher, distributor, etc | Churchill Livingstone/Elsevier, |
| Date of publication, distribution, etc | c2007. |
| 300 ## - PHYSICAL DESCRIPTION | |
| Extent | 373 p. : |
| Other physical details | ill. ; |
| Dimensions | 19 cm. |
| 504 ## - BIBLIOGRAPHY, ETC. NOTE | |
| Bibliography, etc | Includes bibliographical references and index. |
| 650 #0 - SUBJECT ADDED ENTRY--TOPICAL TERM | |
| Topical term or geographic name as entry element | Emergency nursing. |
| 9 (RLIN) | 20459 |
| 650 #0 - SUBJECT ADDED ENTRY--TOPICAL TERM | |
| Topical term or geographic name as entry element | First aid in illness and injury. |
| 9 (RLIN) | 20460 |
| 650 12 - SUBJECT ADDED ENTRY--TOPICAL TERM | |
| Topical term or geographic name as entry element | Emergency Nursing |
| General subdivision | methods. |
| 9 (RLIN) | 20461 |
| 650 22 - SUBJECT ADDED ENTRY--TOPICAL TERM | |
| Topical term or geographic name as entry element | Emergency Treatment |
| General subdivision | nursing. |
| 9 (RLIN) | 20462 |
| 700 1# - ADDED ENTRY--PERSONAL NAME | |
| Personal name | Bowden, David F. |
| 9 (RLIN) | 20463 |
| 700 1# - ADDED ENTRY--PERSONAL NAME | |
| Personal name | Halliwell, David, |
| Titles and other words associated with a name | MSc. |
| 9 (RLIN) | 20464 |
| 700 1# - ADDED ENTRY--PERSONAL NAME | |
| Personal name | McMahon, Robin M. |
| 9 (RLIN) | 20465 |
| 942 ## - ADDED ENTRY ELEMENTS (KOHA) | |
| Source of classification or shelving scheme | Dewey Decimal Classification |
| Item type | NB - Book (Non borrowing) |
| Withdrawn status | Item status | Source of classification or shelving scheme | Damaged status | Not for loan | Vendor | Home library | Current library | Shelving location | Date acquired | Source of acquisition | Cost, normal purchase price | Serial Enumeration / chronology | Total Checkouts | Total Renewals | Full call number | Barcode | Date last seen | Date last borrowed | Koha item type |
|---|---|---|---|---|---|---|---|---|---|---|---|---|---|---|---|---|---|---|---|
| Dewey Decimal Classification | Central Library | Central Library | First floor | 18/02/2009 | 138.00 | 2166 | 32 | 1 | 610.736 JEV NR | 000014845 | 15/07/2025 | 09/12/2012 | NB - Book (Non borrowing) |